Studi in onore di Gaetano Scherillo
Gorde:
| Egile nagusia: | |
|---|---|
| Formatua: | Liburua |
| Hizkuntza: | italiera frantsesa alemana |
| Argitaratua: |
Milán
Cisalpino
1972
|
| Gaiak: | |
| Etiketak: |
Etiketa erantsi
Etiketarik gabe, Izan zaitez lehena erregistro honi etiketa jartzen!
|
MARC
| LEADER | 00000nam a2200000 a 4500 | ||
|---|---|---|---|
| 001 | UCR2834 | ||
| 003 | CL-VaPUC | ||
| 008 | 980116e19720000IT |||||||||||||||||ita|d | ||
| 041 | 0 | 7 | |a ita |2 CL-VaPUC |
| 041 | 0 | 7 | |a fre |2 CL-VaPUC |
| 041 | 0 | 7 | |a ger |2 CL-VaPUC |
| 082 | 0 | 4 | |a 340.54 |b BIS |2 21 |
| 100 | 0 | |a Biscardi, Arnaldo |e author |9 401245 | |
| 245 | 1 | 0 | |a Studi in onore di Gaetano Scherillo |
| 300 | |a 3 v | ||
| 942 | |c BK | ||
| 945 | |d 19980116 00:00:00 |a aolguin | ||
| 260 | |a Milán |b Cisalpino |c 1972 | ||
| 650 | 0 | |a Derecho romano |9 255930 | |
| 650 | 7 | |a SISTEMA JURIDICO |2 CL-VaPUC |9 401246 | |
| 650 | 0 | |a Instituciones jurídicas |9 380718 | |
| 650 | 0 | |a Derecho civil |9 255013 | |
| 650 | 0 | |a Sociedad |9 307903 | |
| 650 | 0 | |a Justicia |9 255408 | |
| 650 | 7 | |a SUCESION |2 CL-VaPUC |9 375829 | |
| 650 | 0 | |a Familias |9 255641 | |
| 650 | 0 | |a Obligaciones |9 255578 | |
| 650 | 0 | |a Propiedad |9 255268 | |
| 650 | 0 | |a Administración financiera |9 261146 | |
| 650 | 0 | |a Política |9 255312 | |
| 583 | |a last modification |c 19980116 00:00:00 |k Rodrigo Vera | ||
| 999 | |c 265959 |d 265957 | ||
| 952 | |0 0 |1 0 |4 0 |6 340_540000000000000_BIS_1972 |7 0 |8 DER_ROM |9 297132 |a BIBDER |b BIBDER |d 2019-11-20 |h v.1 |i 1934260 |l 3 |o 340.54 BIS 1972 |p 1934260 |r 2024-10-18 |s 2024-09-13 |w 2019-11-20 |x Ubicación 4to piso |y BK |z Este recurso debe solicitarse con anticipación |k DER | ||
| 952 | |0 0 |1 0 |4 0 |6 340_540000000000000_BIS_1972 |7 0 |8 DER_ROM |9 297133 |a BIBDER |b BIBDER |d 2019-11-20 |h v.2 |i 1936824 |l 1 |o 340.54 BIS 1972 |p 1936824 |r 2023-01-25 |s 2020-03-17 |w 2019-11-20 |x Ubicación 4to piso |y BK |z Este recurso debe solicitarse con anticipación |k DER | ||
| 952 | |0 0 |1 0 |4 0 |6 340_540000000000000_BIS_1972 |7 0 |8 DER_ROM |9 297134 |a BIBDER |b BIBDER |d 2019-11-20 |h v.3 |i 1936778 |l 1 |o 340.54 BIS 1972 |p 1936778 |r 2023-01-25 |s 2020-03-17 |w 2019-11-20 |x Ubicación 4to piso |y BK |z Este recurso debe solicitarse con anticipación |k DER | ||